000 01151nam a22003137a 4500
003 CHAP
005 20220329143748.0
008 110721s1969 es a r 00010 spa d
010 _a101581
011 _a102553
035 _a113242
040 _cCHAP
082 0 4 _a631.587
_bR44
245 0 4 _aLos riegos en España :
_bdatos para su estudio
_c/por Domingo Diaz - Ambrona Moreno, José Luis López Larrañeta y Oswaldo García - Hernán González
260 _aMadrid :
_bComite Español de Riegos y Drenajes,
_c1969
300 _av. :
_bilus., gráfs.
500 _aLa biblioteca tiene : v.4 Guadiana
590 _aBATCH-UPD
_b10
_c20130110
_lUCH01
_h1749
590 _aBATCH-UPD
_b10
_c20130410
_lUCH01
_h1127
590 _aBATCH-UPD
_b10
_c20130914
_lUCH01
_h1217
590 _aCONVERSION
_b10
_c20130109
_lUCH01
_h1356
650 1 4 _aIrrigación
_xEspaña.
_960407
700 1 _aDíaz Ambrona Moreno, Domingo.
_933360
700 1 _aGarcía Hernán González, Oswaldo.
_946107
700 1 _aLópez Larrañeta, José Luis.
_968012
901 _aBK
942 _cLIBRO
949 _a631.587 R44 v.4
_bBC
_cLIBRO
_d33724002243579
_eLIBRO
_h115403
_i113242
_sb
999 _c101581
_d101581